¿Es geografía lo que se enseña en nuestras escuelas? (Record no. 210697)

MARC details
000 -CABECERA
campo de control de longitud fija 00879cab a2200181 ab4500
005 - FECHA Y HORA DE LA ÚLTIMA TRANSACCIÓN
campo de control 20250606105621.0
008 - ELEMENTOS DE LONGITUD FIJA--INFORMACIÓN GENERAL
campo de control de longitud fija 231211c1997 mx|br|p|o|||| 00| 0 spa d
040 ## - FUENTE DE LA CATALOGACIÓN
Centro catalogador/agencia de origen MX-MxUPN
Lengua de catalogación spa
Centro/agencia transcriptor MX-MxUPN
Normas de descripción aacr2
100 1# - ASIENTO PRINCIPAL--NOMBRE PERSONAL
9 (RLIN) 35407
Nombre de persona Carrillo, Carlos A.,
Fechas asociadas al nombre 1855-1893
245 11 - MENCIÓN DE TÍTULO
Título ¿Es geografía lo que se enseña en nuestras escuelas?
Medio [recurso electrónico en línea]
506 0# - NOTA DE RESTRICCIONES AL ACCESO
Limitaciones de acceso Acceso abierto
520 3# - NOTA DE RESUMEN, ETC.
Sumario, etc. En muchas de nuestras escuelas se cree y se dice que se enseña geografía; pero nada más se cree y se dice porque no se enseña en realidad. Se debe apoyar en los resultados de los exámenes...
653 ## - TERMINO DE INDIZACION - NO CONTROLADO
Término no controlado Enseñanza de la geografía
773 ## - ENLACE AL DOCUMENTO FUENTE/ENTRADA DE REGISTRO ANFITRIÓN
Parte(s) relacionada(s) Año 12, no. 45 (1997), p. 49-56
Título Cero en conducta
Número Internacional Normalizado para Publicaciones Seriadas 0187-1412
856 ## - LOCALIZACIÓN Y ACCESO ELECTRÓNICOS
Identificador Uniforme del Recurso <a href="https://www.ceroenconducta.org/revistas/Revista45/Revista45Sello%20%28arrastrado%29%204.pdf">https://www.ceroenconducta.org/revistas/Revista45/Revista45Sello%20%28arrastrado%29%204.pdf</a>
902 ## - ELEMENTOS DE DATOS B LOCAL, LDB (RLIN)
Creó Gloria Jiménez/060625
942 ## - ELEMENTOS DE PUNTO DE ACCESO ADICIONAL (KOHA)
Tipo de ítem Koha Artículo
Holdings
Estado de retiro Estado de pérdida Estado dañado No para préstamo Código de colección Localización permanente Ubicación/localización actual Ubicación en estantería Fecha de adquisición Total de préstamos Fecha visto por última vez Identificador Uniforme del Recurso Precio válido a partir de Tipo de ítem Koha
        Acceso abierto Bib. Gregorio Torres Quintero Bib. Gregorio Torres Quintero En línea 11/12/2023   11/12/2023 https://www.ceroenconducta.org/revistas/Revista45/Revista45Sello%20%28arrastrado%29%204.pdf 11/12/2023 Artículo Electrónico